00777cam a22001577a 4500008004000000082001600040100001900056245007600075260005200151300000800203500018100211650003400392999001900426952008700445952008700532180718b1962 xxu||||| |||| 00| 0 eng d aQ43104 C437 aWolins, Martin aManual for cost analysis in institutions for childrencby Martin Wolins aNew YorkbChild Welfare League of Americac1962 a2v. aContents: pt. 1. Cost analysis, its purposes, methods, and limitations, by the California State Dept. of Social Welfare, 199p.;pt. 2. Forms and instructions, by M. Wolins, 67p. aChildren --Institutional care c433194d433194 00104070aIIPAbIIPAd2010-02-08oQ43104 C437p36376r2018-07-21w2018-07-21yBK 00104070aIIPAbIIPAd2010-02-08oQ43104 C437p36375r2018-07-21w2018-07-21yBK